000 01519nam a22002297a 4500
999 _c58632
_d58633
003 Ge_BSU
005 20220617142947.0
008 220617s2018 ge ||||| |||| 00| 0 geo d
020 _a9789941262647
041 _ageo
080 _a338.22.021.4 გ-45
100 _aგველესიანი, რევაზ
_93195
245 _aგადაწყვეტილებების მიღების ტექნოლოგია ეკონომიკურ პოლიტიკაში /
_cრევაზ გველესიანი, ირინა გოგორიშვილი ; რედაქტორი ელგუჯა მექვაბიშვილი ; ივანე ჯავახიშვილის სახ. თბილისის სახელმწ. უნ-ტი.
264 _aთბილისი :
_bუნივერსალი,
_c2018.
300 _a234 გვ. ;
_b25 სმ.
504 _aბიბლიოგრ.: გვ. 226-233.
653 _aგადაწყვეტილებების მიღება ეკონომიკურ პოლიტიკაში.
700 _aგოგორიშვილი, ირინა
_eავტორი
_9850
700 _aმექვაბიშვილი, ელგუჯა
_eრედაქტორი
_914147
710 _aივანე ჯავახიშვილის სახ. თბილისის სახელმწ. უნ-ტი.
_914148
942 _2udc
_cBK